000
00235nam a2200097Ia 4500
001
1212615
005
20250827024458.0
008
250824s9999 xx 000 0 und d
245
0
_a
TUT ELİNİ
_c
LARA TUKSAL
260
_b
DESTEK YAYINLARI
999
_c
1212615
_d
1212615